Celebración del modernismo

Gespeichert in:
Bibliographische Detailangaben
1. Verfasser: Yurkievich, Saúl (VerfasserIn)
Format: Buch
Sprache:Spanisch
Veröffentlicht: Barcelona Tusquets 1976
Schriftenreihe:Cuadernos Infimos, 72
Schlagworte:
Tags: Tag hinzufügen
Keine Tags, Fügen Sie den ersten Tag hinzu!

MARC

LEADER 00000nam a2200000 a 4500
001 UCX5915
003 CL-VaPUC
008 930309e19760000SP |||||||||||||||||spa|d
082 0 4 |a H861.09  |b YUR  |2 21 
100 0 |a Yurkievich, Saúl  |e author  |9 322259 
245 1 0 |a Celebración del modernismo 
300 |a 98 p 
942 |c BK 
945 |d 19930309 00:00:00 
260 |a Barcelona  |b Tusquets  |c 1976 
650 7 |a POESIA HISPANOAMERICANA SIGLO 20  |2 CL-VaPUC  |9 322260 
650 0 |a Modernismo (Literatura)  |9 267614 
651 0 |a América Latina   |9 255027 
583 |a last modification  |c 19930309 00:00:00  |k Rodrigo Vera 
490 0 |a Cuadernos Infimos, 72 
999 |c 226036  |d 226034 
952 |0 0  |1 0  |4 0  |6 H_861_090000000000000_YUR_1976  |7 0  |8 A  |9 224062  |a BIBEDU  |b BIBEDU  |d 2019-11-15  |i 2929112  |o H861.09 YUR 1976  |p 2929112  |r 2019-11-15  |w 2019-11-15  |y BK  |k LIT 
952 |0 0  |1 0  |4 0  |6 H_861_090000000000000_YUR_1976  |7 0  |8 A  |9 224063  |a BIBART  |b BIBART  |d 2019-11-15  |i 1205250  |o H861.09 YUR 1976  |p 1205250  |r 2025-03-13  |w 2019-11-15  |y BK  |k ART